[Event "It"]
[Site "Sarajevo"]
[Date "1999.??.??"]
[Round "?"]
[White "Shirov, Alexei"]
[Black "Sokolov, Ivan"]
[Result "1-0"]
[WhiteElo "2726"]
[BlackElo "2624"]
[Annotator "NN"]
[PlyCount "113"]
[EventDate "1999.??.??"]
[SourceDate "2003.04.06"]

1. e4 {Shirov. Shirov: 'Wedberg'} 1... e5 2. Nf3 Nc6 3. Bb5 Nf6 4. O-O Nxe4 5.
d4 Nd6 6. Bxc6 dxc6 7. dxe5 Nf5 8. Qxd8+ Kxd8 9. Nc3 Ke8 10. h3 a5 11. Bf4 Be6
(11... a4 {- 72/(315)}) 12. a3 $5 $146 {Shirov: 'Wedberg: 'The latest twist
for White in the Berlin is to put the P on a3 rather than on a4 (or a2). The
reason is that White does not want to wander away with Nc3, so he has to
prevent Bb4. The plan is instead to play g4 and Nd4.''} (12. g4 Ne7 13. Nd4 Nd5
14. Nxe6 fxe6 15. Bd2 Bb4 $1) 12... Bc5 13. Rad1 h6 14. g4 Ne7 15. Nd4 Bxd4 {
Shirov: 'Wedberg: 'In principle opposite coloured B:s is OK for Black,''} (
15... Nd5 16. Nxe6 fxe6 17. Ne2 $14 (17. Nxd5 {Shirov} 17... cxd5 $11) 17... b5
$13) 16. Rxd4 c5 {Shirov: 'Wedberg: 'Maybe alright in itself, but it's part of
a plan that gives White a splendid game.''} (16... h5 $5 {(Shirov) Wedberg})
17. Rd2 Nc6 18. Nd5 Bxd5 $6 (18... Rc8 19. Ne3 $5 $14) (18... Rc8 $142 {
(Shirov) Wedberg Keeping the blockade of the e5-P is paramount in this line.})
19. Rxd5 b6 (19... Nd4 $2 20. Be3 $1 Nxc2 21. Bxc5 $18) 20. e6 $1 $16 {
Shirov: ''!' Wedberg. ' Shirov: 'Wedberg: 'By opening up the position White
changes the structure in favour of the B. Compare to Lutz-Kortschnoj above.''}
20... fxe6 21. Re1 Rd8 (21... Nd4 22. Kg2 c6 23. Rd6 Rf8 (23... Nxc2 24. Rdxe6+
Kf7 25. Re7+ Kf8 26. R1e4 $16) (23... Rd8 {Shirov} 24. Rxd8+ Kxd8 25. c3 $18)
24. Bg3 $1 (24. Be5 Nxc2 (24... Ke7 $2 25. Rd1 $1) 25. Re4 Nd4 26. Bxd4 (26.
Bxg7 Ke7) 26... cxd4 27. Rxc6 Rd8 $1 $14) 24... Ke7 25. Rd1 $1 (25. c3 e5 $1
26. Bxe5 Nf3 27. Re3 Nxe5 28. Rd2 Kf6 29. Rd6+ Ke7 $11) 25... Rfd8 26. Rxd8
Rxd8 27. Bc7 Rd5 28. Bxb6 $1 (28. c4 $5 Rd7 29. Bxb6 Nb3 30. Rxd7+ Kxd7 31. a4
$1 $16) 28... Nxc2 29. Rc1 Nd4 30. Rxc5 $16) 22. Rxe6+ Kf7 23. Rxd8 Nxd8 24.
Re3 $3 {Shirov: 'Wedberg: 'White is better due to two factors: more flexible
P-formation and the advantage of B against N in an open position.''} (24. Re4
Ne6 25. Be3 Rd8 $132) 24... Ne6 25. Be5 $1 {
Shirov: 'Wedberg: 'The B is a giant on e5.''} 25... h5 $1 (25... Rd8 26. Rd3
Rxd3 27. cxd3 g5 28. Kg2 $18) 26. Rd3 $5 (26. Kg2 hxg4 27. hxg4 Rd8 28. Rd3
Rxd3 29. cxd3 $16) 26... hxg4 27. hxg4 c4 28. Rd1 $1 Ke7 (28... Re8 29. Rd7+
Re7 30. Rxe7+ Kxe7 31. f4 g6 32. Kf2 $18) 29. Kg2 Rf8 30. Kg3 g5 31. f3 Rf7 32.
Kf2 {'?!' Shirov.} (32. Rh1 $142 $16) 32... Rh7 33. Ke3 Rh3 34. Rd2 Rh1 35. Ke4
Rf1 {'?!' Shirov.} (35... Re1+ $142 36. Kf5 Re3 37. Bf6+ Ke8 (37... Kf8 {
(Shirov) Wedberg} 38. Rf2 $16) 38. Rf2 $16) 36. Rh2 $1 Kd7 37. Rh7+ Kc6 38. Rh6
Kd7 39. Rh7+ Kc6 40. Kf5 $1 Nc5 41. Rh3 $1 {Shirov: 'Wedberg: 'Connected
passed Ps should win, but Black is fast too, so the race is on.''} (41. Rxc7+ {
(Shirov) Wedberg} 41... Kd5 $13) 41... Rf2 $6 (41... Kd5 42. Bxc7 $16) 42. Kxg5
Rxc2 43. Rh2 $1 Rxh2 (43... Rc1 44. Kf5 $18) 44. Bxh2 Nd3 45. Kh6 $1 $18 (45.
Kf5 $6 Nxb2 46. g5 Kd7 47. g6 Ke8) (45. Kh5 $5) 45... b5 (45... Nxb2 46. g5 Nd3
47. g6 c3 48. Bg1) 46. g5 b4 47. g6 $1 c3 48. bxc3 b3 {
Shirov: 'Wedberg: 'To protect the N from b1.''} (48... bxa3 49. g7 a2 50. g8=Q
a1=Q 51. Qg6+) 49. g7 b2 50. g8=Q b1=Q 51. Qa8+ Kd7 (51... Qb7 52. Qe8+) 52.
Qd5+ Ke7 (52... Kc8 53. Qxa5) 53. Bxc7 Qc1+ 54. Kg6 Qg1+ 55. Kf5 Qc5 (55... Qf1
{Shirov} 56. Bd6+ Kd7 57. Bf4+ Ke8 58. Qe6+ Kd8 59. Qd6+ Ke8 60. Kf6 {and mate.
}) 56. Qxc5+ Nxc5 57. Bxa5 $18 1-0

[Event "It"]
[Site "Sarajevo"]
[Date "1999.??.??"]
[Round "?"]
[White "Timman, Jan"]
[Black "Shirov, Alexei"]
[Result "0-1"]
[WhiteElo "2670"]
[BlackElo "2726"]
[Annotator "NN"]
[PlyCount "76"]
[EventDate "1999.??.??"]
[SourceDate "2003.04.06"]

1. d4 {Shirov. Shirov: 'Huebner,R'} 1... d5 2. c4 c6 3. Nf3 Nf6 4. Nc3 dxc4 5.
Ne5 Nbd7 6. Nxc4 b5 7. Nd2 {'?' Shirov.} (7. Ne3 {Shirov}) 7... Bb7 8. Nb3 $6
$146 {Shirov: 'Huebner,R: 'Der Aufbau des Weisen sieht unnaturlich aus und
scheint mir nicht viel zu versprechen. Erprobt wurde in dieser Stellung''} (8.
e3 e5 9. Be2 exd4 10. exd4) (8. Nf3) (8. e4 e5 $145 $13 {Bareev,E}) (8. e4 $142
{Shirov}) 8... a5 $1 $17 9. Bg5 (9. a4 b4 $17) 9... a4 10. Nd2 a3 11. bxa3 Rxa3
12. Qc2 e6 $2 (12... e5 13. dxe5 Nxe5 $17) 13. e3 Bb4 14. Ncb1 Ra8 (14... Ra7
$5) 15. Bd3 h6 16. Bxf6 Qxf6 $5 (16... Nxf6 $11) 17. O-O O-O 18. a3 {
Shirov: ''?!' Huebner,R. '} (18. Nc3 $5 $11 {(Shirov) Huebner,R}) 18... e5 $5 (
18... Bd6 $11) 19. Ne4 Qe6 20. Qb2 Be7 21. Nbd2 Ra7 $5 22. Bc2 $1 {Shirov: 'Hue
bner,R: 'Weis versucht, die Schwierigkeiten, die ihm die Schwache seines
a-Bauern verursacht, auf taktische Weise zu beheben. In Betracht kam auch''} (
22. Ng3 {(Shirov) Huebner,R} 22... Rfa8 (22... g6 {Shirov} 23. Bc2 Rfa8 24. Bb3
{uberlast dem Weisen Gegenspiel.}) 23. Bf5 Qd6 24. Nge4 Qc7 25. Bxd7 Qxd7 26.
Nc5 Bxc5 27. dxc5 Qd5 28. Rfc1 {nebst Sd2-f3.}) 22... Rfa8 23. Bb3 Qf5 $5 (
23... Qg6 24. dxe5 Rxa3 (24... Bxa3 $6 25. Rxa3 Rxa3 26. Nd6 Rxb3 27. Nxb3 $14)
25. Rxa3 Bxa3 26. Qd4 $13) 24. Ng3 Qd3 25. a4 $2 (25. Bc2 Bxa3 26. Qa2 Bc5 $1 (
26... Qc3 $6 27. Bg6 $1) 27. Qb2 $11) 25... exd4 26. exd4 c5 27. Rad1 $1 {
Shirov: 'Huebner,R: 'Dies ist anscheinend die beste Fortsetzung. Nach''} (27.
Rae1 Bg5 $1 $17) (27. Rae1 {
(Shirov) Huebner,R ist sowohl 27...Lg5 wie 27...Lf6 unangenehm fur Weis.})
27... bxa4 $1 (27... Qxd4 28. Qxd4 cxd4 29. axb5 $11) 28. Bxa4 Bxg2 $3 (28...
Rxa4 29. Qxb7 $11) 29. Bxd7 $4 {Shirov: ''?' Huebner,R. ' Shirov: 'Huebner,R:
'Eine Verrechnung durfte der Wahl dieses Zuges zugrunde liegen. Aussichten auf
Uberleben bot einzig die Fortsetzung''} (29. Bb5 Bxf1 30. Bxd3 Bxd3 $15 31.
dxc5) 29... Bxf1 {Shirov: ''-+' Huebner,R. '} 30. Bf5 Qb5 31. Qc2 Be2 32. Re1 (
32. Rb1 Qa6 $19) 32... Ra2 (32... Ra1 $142 33. Nb1 Bc4 34. Rxe7 Ba2 $19) 33.
Qe4 Bd3 34. Qf3 $6 (34. Qxe7 Rxd2 35. Qe3 Bxf5 36. Qxd2 (36. Nxf5 Qd3 37. Qe5
f6 38. Qe6+ Kh8 $19) 36... c4 $1 $19) 34... Bxf5 35. Nxf5 Bf8 $19 36. Kg2 cxd4
37. Ne4 Qb6 38. Rd1 Rd8 0-1

[Event "It"]
[Site "Wijk aan Zee"]
[Date "1999.??.??"]
[Round "?"]
[White "Shirov, Alexei"]
[Black "Yermolinsky, Alex"]
[Result "1-0"]
[WhiteElo "2726"]
[BlackElo "2597"]
[Annotator "NN"]
[PlyCount "47"]
[EventDate "1999.??.??"]
[SourceDate "2003.04.06"]

1. e4 {Lukacs} 1... c6 2. d4 d5 3. e5 Bf5 4. Nc3 e6 5. g4 Bg6 6. Nge2 c5 7. h4
h5 {'!?' Lukacs.} (7... h6 {Lukacs looks safer.}) 8. Nf4 Bh7 9. Nxh5 {
Lukacs: 'White wins the h5 P, but his [+] will collapse. A tactical battle
will arise with immense complications.'} 9... cxd4 (9... Nc6 {
Lukacs puts more pressure on White's [+].} 10. dxc5 ({Less clear is} 10. Bb5 {
Lukacs} 10... Nge7 (10... Qb6 {Lukacs can be answered by} 11. Be3) 11. dxc5 d4
12. Bxc6+ Nxc6 13. Ne2 Qa5+ 14. c3 O-O-O 15. Bg5 Rd7 16. b4 Qb5 17. cxd4 Nxe5
$44 {Kotronias-Danielsen, Reykjavik  1994}) 10... Nxe5 11. Bb5+ Nc6 12. Qd4 f6
13. Be3 Nge7 14. O-O-O e5 15. Qa4 {Black's P [+] seems to be impressive, but
he has big problems with his development, and his K is in the [+]. White has
accomplished his development and his pieces are ready for an ->.} 15... Bg8 16.
f4 Qd7 17. fxe5 fxe5 18. Nxd5 $1 {Now Black's seemingly mighty [+] collapses.}
18... Bxd5 19. c4 Qxg4 20. cxd5 Qxa4 21. Bxa4 Rxh5 22. Bg5 O-O-O 23. dxc6 $16 {
Borge-Danielsen, Copenhagen 1994}) 10. Nb5 {'!?' Lukacs.} (10. Qxd4 {Lukacs}
10... Nc6 (10... Bxc2 $2 {Lukacs grabbing for pawns instead of finishing
development is against the principles.} 11. Bg5 Qb6 12. Bb5+ Nc6 13. Qxb6 axb6
14. Rc1 Bg6 15. Nxd5 exd5 16. Rxc6 $1 $18) 11. Bb5 Nge7 $1 12. Bh6 $5 (12. Bg5
{Lukacs} 12... a6 (12... Bxc2 {Lukacs} 13. Rc1 Qd7 $1 {
is an interesting suggestion of Kallai.} (13... Bg6 $2 {Lukacs and not} 14. Qa4
$1)) 13. Bxc6+ Nxc6 {solving the problem of his pinned N.}) 12... Rg8 $1 13.
O-O-O a6 14. Bxc6+ Nxc6 15. Qf4 (15. Qe3 {Lukacs} 15... Qa5) 15... Qa5 16. Qa4
$1 {It looks funny, but White has to exchange the Q.} (16. Kb1 $2 {Lukacs}
16... Nb4 {Surprisingly enough Black takes the |^ and the white K soon feels
himself much worse than his colleague!} 17. Rc1 Rc8 18. a3 Nxc2 19. Rxc2 Rxc3
$1 20. bxc3 Qxc3 21. Qc1 Qb3+ $19 {A.David-Kallai, FRA-chT}) ({or} 16. Rhe1 {
Lukacs} 16... Nb4 17. a3 Rc8 $1 18. axb4 Qa1+ 19. Kd2 Qxb2 {
with a ferocious -> for Black:} 20. Re3 Qxc2+ 21. Ke1 Rxc3 22. Nf6+ gxf6 23.
Bxf8 Rxf8 24. exf6 Rxe3+ 25. fxe3 Kd7 $19 {
M.Chapman-Rogers, Suncoast open Australian 1999}) 16... Qxa4 17. Nxa4 gxh6 18.
Nf6+ Ke7 19. Nxh7 Nxe5 $5 (19... Rxg4 {Lukacs} 20. Nb6 Rd8 21. Nf6 Rf4 22. Ng8+
Ke8 23. Nf6+ $11) 20. g5 Ng4 {/\ Rh8 Kallai}) 10... Nc6 11. Nxd4 Nxd4 $146 {
'?!' Lukacs.} (11... Qc7 12. Nxc6 Qxc6 13. Bd3 Bxd3 14. cxd3 d4 15. O-O g6 16.
Ng3 Bg7 17. Re1 Qd5 18. Qe2 Rxh4 19. Bg5 Rh3 20. Rac1) (11... Nxe5 12. Bb5+ (
12. Bf4 $142 {Lukacs} 12... Nc6 13. Bb5 Rc8 14. Qe2 Qd7 (14... Nf6 $6 {Lukacs}
15. Bg5 $1) (14... Nge7 $5 {Lukacs}) 15. Bxc6 $1 (15. O-O-O {Lukacs} 15... Nf6
({or even} 15... Nge7 {Lukacs} 16. Be5 Rg8 17. Rhe1 a6)) 15... bxc6 16. Nf5 $1
$36 {Other tries are less dangerous:} (16. O-O-O {Lukacs} 16... Nf6 $1 ({
but not} 16... c5 {Lukacs} 17. Nf5 $44) ({or} 16... Ne7 {Lukacs} 17. Rhe1 $44))
(16. Qe5 {Lukacs} 16... Nf6 $1 17. O-O-O (17. Nxf6+ {Lukacs} 17... gxf6 18.
Qxf6 Rg8 $44) 17... c5 $1 18. Nb3 c4 $13 {Schoenicz-Heinze, Germany 1998}))
12... Nd7 13. Qe2 $13 (13. Bg5 {
Lukacs All the white pieces are active, but they are a bit disorganized.} 13...
Qa5+ 14. c3 a6 15. Ba4 (15. Bxd7+ $2 {Lukacs} 15... Kxd7 $15) 15... b5 16. Bc2
Bxc2 17. Qxc2 Ngf6 18. Nf4 Ne4 (18... Nxg4 $2 {Lukacs} 19. Nfxe6 $1 $18) (18...
e5 {Lukacs} 19. Qe2 $1) 19. Nfxe6 fxe6 20. f3 Ndc5 $1 (20... Nxg5 $2 {Lukacs}
21. Qg6+ Nf7 22. Qxe6+ Be7 23. Nc6 $18) 21. fxe4 Nxe4 {
1/2:1/2 Sax-Krizsany, CRO-chT2 1997.})) 12. Qxd4 Ne7 13. Qa4+ $5 Nc6 $6 (13...
Qd7 $44 14. Qxd7+ Kxd7 15. c3) 14. Bg5 $1 Qa5+ $6 {'?' Lukacs.  Lukacs: 'After
exchanging the Q White stabilizes his mighty P chain.'} (14... Qb6 15. O-O-O (
15. Bb5 {Lukacs} 15... Bxc2) 15... Qxf2 {
Lukacs: 'This P is not worth of three tempi.'} 16. Rh3 {Lukacs: '/\ Be3'} (16.
Bb5 {Lukacs} 16... Rc8) 16... Rc8 (16... Qb6 {Lukacs} 17. Rb3 $40 {
with extremely active white pieces.}) 17. Rc3 $1 $14 (17. Be3 Qxc2+ 18. Qxc2
Bxc2 19. Kxc2 Nxe5+ $13)) (14... Qd7 $1 $13 {
Lukacs /\ Nxe5 comes into serious consideration.}) (14... Qc7 $2 {Lukacs} 15.
f4 $18 {keeping the vital e5 P.}) 15. Qxa5 Nxa5 16. f4 $6 {'+-!' Lukacs.} (16.
O-O-O $16) 16... Rc8 $6 (16... Bxc2 17. Bb5+ Nc6 18. Rc1 Bb4+ 19. Ke2 Be4 20.
Rhd1 $14 O-O 21. Bxc6 $16) (16... Be4 $2 {Lukacs} 17. Bb5+ Nc6 18. Rg1 $1 {
defending the P g4.} (18. Rh2 {Lukacs} 18... Bf3 $1) 18... Bxc2 (18... Bc5 {
Lukacs} 19. Rg3) 19. Rc1 Bb4+ 20. Ke2 Be4 21. Rxc6 $1 $18) 17. Bb5+ $1 Nc6 18.
O-O-O $16 a6 19. Bd3 Bxd3 20. Rxd3 Nb4 21. Rb3 $1 Rxc2+ $2 (21... Rc4 $1 22.
Rh2 (22. a3 $6 Nxc2 23. Rxb7 Nxa3+ 24. Kd1 Nb5 $13) 22... b5 23. a3 Nc6 24. Rd3
$16) (21... Nxc2 {Lukacs only opens up the <-> c for White's R.} 22. Kb1 $1 {
/\ Rc1}) 22. Kb1 Rg2 (22... Rc7 {Lukacs} 23. Nxg7+ $1 Bxg7 24. Rxb4 $18) 23.
Rc1 {'!' Lukacs.  Lukacs: 'Now White's last remaining piece is in action,
while Black's >> is totally undeveloped.'} (23. Nxg7+ $143 $6 {
Lukacs was not that clear after} 23... Bxg7 24. Rxb4 b5 25. a4 Bf8 26. Rb3 b4
27. Bf6 Rh7 28. g5 Rh5 29. f5 Rg4) 23... d4 {'?' Lukacs.} (23... Kd7 24. a3 $1
(24. Ng3 {Lukacs is simply met by} 24... a5 25. a3 a4 26. Rbc3 Nc6) 24... Rxg4
25. axb4 (25. Ng3 {Lukacs} 25... Rxg3 26. Rxg3 Nc6 $16 {
and Black can at least continue the battle.}) 25... Rxh5 26. b5 $1 a5 27. Rbc3
$1 Bd6 (27... f6 28. Rc7+ Ke8 29. Rxb7 Be7 30. Rcc7 Bd8 31. Rxg7 $18) 28. exd6
f6 29. Rc7+ Kxd6 30. Rxb7 $1 d4 31. Rc6+ Kd5 32. Rd7+ Ke4 33. b6 $1 fxg5 34. b7
Rh8 35. Rc8 $18) (23... Rxg4 $2 {Lukacs loses to} 24. Rc8+ Kd7 25. Rd8+ Kc7 26.
Rxb4 $18) 24. a3 1-0